Assessment of the Unfunded Mandates Reform Act in 1998 : CBO Papers. /

Bibliographic Details
Main Author: Gullo, Theresa
Corporate Authors: ProQuest (Firm), United States. Congressional Budget Office
Format: eBook
Language:English
Published: Washington : U.S. G.P.O., 1999.
Series:U.S. Congressional Research.
Subjects:
Online Access:Connect to the full text of this electronic book

MARC

Tag First Indicator Second Indicator Subfields
LEADER 00000cam a22000001a 4500
001 in00003279613
006 m d f
007 cr bn mmmapmmp
008 101011s1999 dcu o f000 0 eng d
005 20260430164513.1
035 |a cis2007819024 
040 |a LexisNexis  |c LexisNexis  |d UtOrBLW 
043 |a n-us--- 
099 |a CMP-1999-CBO-0007 
100 1 |a Gullo, Theresa. 
245 1 0 |a Assessment of the Unfunded Mandates Reform Act in 1998 :  |b CBO Papers. /  |c prepared by Theresa Gullo for the United States Congressional Budget Office, One Hundred Sixth Congress, first session. 
264 1 |a Washington :  |b U.S. G.P.O.,  |c 1999. 
300 |a 1 online resource. 
336 |a text  |b txt  |2 rdacontent 
337 |a computer  |b c  |2 rdamedia 
338 |a online resource  |b cr  |2 rdacarrier 
500 |a Record is based on bibliographic data in LexisNexis U.S. Congressional Research Digital Collection. Reuse except for individual research requires license from LexisNexis. 
500 |a Electronic resource. 
650 0 |a Unfunded mandates  |z United States. 
650 0 |a Intergovernmental fiscal relations  |z United States. 
655 7 |a Electronic books.  |2 local 
710 2 |a ProQuest (Firm) 
710 1 |a United States.  |b Congressional Budget Office. 
776 0 8 |i Print version:   |t Assessment of the Unfunded Mandates Reform Act in 1998 
776 0 8 |i Microfiche version:   |t Assessment of the Unfunded Mandates Reform Act in 1998   |d [Bethesda, Md.] :LexisNexis Academic & Library Solutions,1999.   |o CIS 99 J932-7  |w (LexisNexis)cis09901711 
830 0 |a U.S. Congressional Research. 
856 4 0 |u http://proxy.library.tamu.edu/login?url=https://congressional.proquest.com/congcomp/getdoc?CRDC-ID=CMP-1999-CBO-0007  |z Connect to the full text of this electronic book  |t 0 
998 |a cis09901711 
999 |a MARS 
999 f f |s 10ca0a92-6459-3cb7-bd01-0e9e99a3e4c6  |i 5b7af371-660d-3d50-b2fa-05d898c2ac44  |t 0 
952 f f |a Texas A&M University  |b College Station  |c Electronic Resources  |s www_evans  |d Available Online  |t 0  |e CMP-1999-CBO-0007  |h Other scheme 
998 f f |a CMP-1999-CBO-0007  |t 0  |l Available Online